Food standards and safety in a globalised world : (Record no. 123781)
[ view plain ]
| 000 -LEADER | |
|---|---|
| fixed length control field | 00821nam a22002297a 4500 |
| 005 - DATE AND TIME OF LATEST TRANSACTION | |
| control field | 20170124105930.0 |
| 010 ## - LIBRARY OF CONGRESS CONTROL NUMBER | |
| LC control number | B-092546 |
| 020 ## - INTERNATIONAL STANDARD BOOK NUMBER | |
| International Standard Book Number | 9798177080376 |
| Terms of availability | 1480.00 |
| 035 ## - SYSTEM CONTROL NUMBER | |
| System control number | B-092546 |
| 037 ## - SOURCE OF ACQUISITION | |
| Source of stock number/acquisition | Cen Lib/Ret |
| 040 ## - CATALOGING SOURCE | |
| Original cataloging agency | DPL |
| Language of cataloging | EN |
| 082 ## - DEWEY DECIMAL CLASSIFICATION NUMBER | |
| Classification number | 363.8 |
| Item number | FOO |
| 245 ## - TITLE STATEMENT | |
| Title | Food standards and safety in a globalised world : |
| Statement of responsibility, etc | edited by Sri Ram Khanna [and] Madhu saxena |
| Remainder of title | the impect of WTO and codex / |
| 260 ## - PUBLICATION, DISTRIBUTION, ETC. (IMPRINT) | |
| Place of publication, distribution, etc | Delhi |
| Name of publisher, distributor, etc | New century publications |
| Date of publication, distribution, etc | 2003 |
| 270 ## - ADDRESS | |
| Address | 34,Gujranwala town part-2 |
| City | Delhi |
| Postal code | 110009 |
| 300 ## - PHYSICAL DESCRIPTION | |
| Extent | xxiii,505p. |
| Dimensions | 24cm(Hb) |
| 650 ## - SUBJECT ADDED ENTRY--TOPICAL TERM | |
| Topical term or geographic name as entry element | Food adulteration and inspection -- Government policy |
| 9 (RLIN) | 72977 |
| 650 ## - SUBJECT ADDED ENTRY--TOPICAL TERM | |
| Topical term or geographic name as entry element | Food industry and trade -- Safety measures |
| 9 (RLIN) | 72978 |
| 700 ## - ADDED ENTRY--PERSONAL NAME | |
| Personal name | Khanna,Ram Sri |
| 9 (RLIN) | 70672 |
| 700 ## - ADDED ENTRY--PERSONAL NAME | |
| Personal name | Saxena,Madhu |
| 9 (RLIN) | 8014 |
| 942 ## - ADDED ENTRY ELEMENTS (KOHA) | |
| Source of classification or shelving scheme | Dewey Decimal Classification |
| Koha item type | English Books |
| Classification part | 363.8 |
| Call number suffix | FOO |
| Withdrawn status | Lost status | Damaged status | Not for loan | Home library | Current library | Date acquired | Source of acquisition | Cost, normal purchase price | Total Checkouts | Full call number | Barcode | Date last seen | Date checked out | Copy number | Cost, replacement price | Price effective from | Koha item type |
|---|---|---|---|---|---|---|---|---|---|---|---|---|---|---|---|---|---|
| Central Library | Central Library | 12/06/2015 | Cen Lib/Ret | 1480.00 | 3 | 363.8 FOO | B-092546 | 04/01/2022 | 21/12/2021 | 1 | 1480.00 | 12/06/2015 | English Books |
